Earth sheltered housing : Principles in practice

Bibliographic Details
Main Author: Terman, Max R.
Format: Book
Published: New York : Van Nostrand Reinhold , 1985
Subjects:

MARC

LEADER 00000cam a2200000 7i4500
001 0000002213
005 20050615.0
020 |a 0442282885 
040 |a INS 
090 0 0 |a TH4819.E27   |b T47 1985 
100 1 |a Terman, Max R. 
245 1 0 |a Earth sheltered housing :   |b Principles in practice   |c Max R. Terman 
260 |a New York :   |b Van Nostrand Reinhold ,   |c 1985 
300 |a 209p. ;   |c 28 cm. 
651 0 |a Earth Sheltered house 
999 |a 0000003782   |b BOOK   |c Open Shelf   |e Default branch